000 01137nam a22001937a 4500
003 JO-AjAnu
005 20250715222854.0
008 250715b jo ||||| |||| 00| 0 ara d
040 _aANU
_cJO-AjAnu
041 _hARA
100 _aالحنيطي، علي محمود مفلح
_eمعد
_966601
245 _aأثر التكنولوجيا المالية على سرعة إنجاز العمليات التمويلية في المصارف الإسلامية الأردنية = The Impact of Financial Technology on the Speed of Completion of Financing Pperation in Jordanian Islamic Bank
_c / إعداد علي محمود مفلح الحنيطي ؛ اشراف محي الدين يعقوب أبو الهول
260 _c2025
300 _a105 ورقة
500 _aرسالة جامعية (رسالة ماجستير في المصارف الإسلامية) - جامعة عجلون الوطنية (الأردن-عجلون) - كلية الأعمال، 2025
650 _vالبنوك الإسلامية-تكنولوجيا مالية
700 _aابو الهول، محي الدين يعقوب
_964950
_eمشرف
942 _2lcc
_cTHS
_n0
999 _c33949
_d33949